Holiday Quiz

Random Holiday or Christmas Quiz
Score 0/5 Timer 03:00
0 Plays Today
% Correct
Red and green m&ms in cereal
95.2%
Weston’s for a cup of candy cane holiday coffee
92.1%
‘Bake’ cookies
85.9%
String up stockings on the banister
85.2%
Put mistletoe on blade of the ceiling fan
77.3%
Remove Ads.
Support Sporcle.
Get the best of Sporcle when you Go Orange. This ad-free experience offers more features, more stats, and more fun while also helping to support Sporcle. Thank you for becoming a member.

You're not logged in!

Compare scores with friends on all Sporcle quizzes.
OR
Log In

Show Comments

Extras

Top Quizzes Today


Score Distribution

Your Account Isn't Verified!

In order to create a playlist on Sporcle, you need to verify the email address you used during registration. Go to your Sporcle Settings to finish the process.

Report this User

Report this user for behavior that violates our Community Guidelines.

Details: